Регионална библиотека "Любен Каравелов" - Русе

Астрономия (Запис номер 197791)

MARC детайли
000 -Лидер
Контролно поле с фиксирана дължина 01545nam a2200409 a 4500
003 - Код на организацията, давaща контролен номер
Контролно поле BLK
005 - Дата и час на последна редакция
Контролно поле 20250127153100.0
008 - Елементи от данни с фиксирана дължина
fixed length control field 180411b bul|||||r ||||||| ||bul||
010 ## - Наследен системен номер
LC control number KNG00207075000
020 ## - Международен стандартен номер на книга ISBN
Международен стандартен номер на книга ISBN 978-954-535-959-0
040 ## - Източник на каталожния запис
Идентификатор на билиотеката - собственик на записа BLK
041 ## - Код за език
Код за езика на текст/звукозапис или на отделно заглавие Български
Код за езика КДБФ Български
072 #7 - Код за тематичната категория
Код организация bullib
Код за тематична категория Н50
Текст Естествени науки. Математика и др. Н
080 ## - УДК
Текстов определител УДК Астрономия. Астрофизика. Космология. Геодезия
УДК код - определител по УДК 52
УДК - код + определител 52
100 1# - Редна дума - Автор
Автор Георгиев, Цветан Борисов
Авторска отговорност първи автор
R(LIN) 385758
139 ## - Редно поле
Редна дума Георгиев, Цветан Борисов и др.
Авторски знак Георгиев - Г 37
245 10 - Сведения за заглавието
Заглавие Астрономия
Редно поле (дума) Цветан Борисов Георгиев; съавт. Петко Любенов Недялков.
257 ## - Страна на издаване
Страна на създаване/издаване България
260 ## - Област на издателските данни
Име на издателя, разпространителя и проч. Нов бълг. унив.
Година на издаване 2017
Място на издаване, разпространение и проч. София
Печатница (с. Хераково : Скала принт)
300 ## - Физическа характеристика
Страници 336 с.
Илюстрации и др. с ил., диагр., сх.
Размери/Мащаб 24 см
380 ## - Жанр
Жанр Естествени науки. Математика
500 ## - Общи забележки
Забележка Съдържа и за авт.
504 ## - Забележка за наличие на библиография и др
Забележка за наличие на библиография и под. Библиогр. 335-336.
650 #4 - Допълнително описание по предмет – тема
Основно описание – тема или топоним Астрономия
9 (RLIN) 147778
653 ## - Ключова дума – ненормативна
Ключова дума астрономия
659 ## - Тематичен бюлетин
Тематичен бюлетин Н
700 1# - Други автори (авторска отговорност)
Лично име Недялков, Петко Любенов
Автороска отговорност (Описва отношението между автора и произведението) съавт.
9 (RLIN) 347995
852 ## - Местоположение
Форматна сигнатура Цб 291105
Фондова буква Хранилище
856 4# - Електронен адрес и достъп
Електронен формат pdf - файл
856 4# - Електронен адрес и достъп
Електронен формат pdf - файл
999 ## - СИСТЕМНИ КОНТРОЛНИ НОМЕРА
Koha biblionumber 197791
Koha biblioitemnumber 197791
942 ## - АРТИКУЛИ
Вид на библиотечния материал Книги
Скрит в OPAC Не
Koha issues (borrowed), all copies 20
944 ## - СЪЗДАВАНЕ И РЕДАКЦИЯ на ЗАПИСА
Създаване/Редакция Създаване
Дата на регистрацията/редакция 26.05.2017
Статус, дата на статуса Цветомила Тодорова
Служител, извършил регистрацията/редакцията 30576
944 ## - СЪЗДАВАНЕ И РЕДАКЦИЯ на ЗАПИСА
Създаване/Редакция Редакция
Дата на регистрацията/редакция 2018-07-23
Статус, дата на статуса ф /
Служител, извършил регистрацията/редакцията ГГГ
999 ## - СИСТЕМНИ КОНТРОЛНИ НОМЕРА
Koha biblioitemnumber 197791
999 ## - СИСТЕМНИ КОНТРОЛНИ НОМЕРА
Koha biblioitemnumber 197791
999 ## - СИСТЕМНИ КОНТРОЛНИ НОМЕРА
Koha biblioitemnumber 197791
Наличности
Код за отписване Код за изгубен артикул Код за повреда Коз за рестрикции Код за отдаване Артикулен № Име на библиотеката - собственик Име на библиотеката, в която се намира в момента Статус (Текущо местоположение) Дата на вписване в системата Местоположение - отдел Цена в лева Инвентарен номер Систематично азбучна сигнатура Баркод Номер на екземпляра Цена в евро Служебна бележка Служебен тип на артикула Източник на класификационната схема
  Не е изгубен Не е повреден без рестрикции ползва се в читалня 344244 Регионална библиотека "Любен Каравелов" Русе Регионална библиотека "Любен Каравелов" Русе Читалня 2017-05-26 Читалня 24.00 120000811658 Ч 52/Г 37 120000811658 1 12.27 Дост: Pk Вид: Ф N: 490 Дата: 26.05.2017 Книги  
  Не е изгубен Не е повреден без рестрикции заемане за дома 677427 Регионална библиотека "Любен Каравелов" Русе Регионална библиотека "Любен Каравелов" Русе Заемна - подръчен фонд 2018-06-18 Заемна - подръчен фонд 24.00 120000821472 П 52/Г 37 120000821472   12.27   Книги Universal Decimal Classification
  Не е изгубен Не е повреден без рестрикции ползва се в читалня 681667 Регионална библиотека "Любен Каравелов" Русе Регионална библиотека "Любен Каравелов" Русе Хранилище 2018-10-30 Хранилище 24.00 120000824512 Цб 291105 120000824512   12.27   Книги Universal Decimal Classification
  Не е изгубен Не е повреден   заемане за дома 681947 Регионална библиотека "Любен Каравелов" Русе Регионална библиотека "Любен Каравелов" Русе Заемна - подръчен фонд 2018-11-06 Заемна - подръчен фонд 19.20 120000825607 П 52/Г 37 120000825607   9.82   Книги Universal Decimal Classification
Vip Innovations Ltd, Rousse, Bulgaria 2025